| 000 | 00357nam a22001457a 4500 | ||
|---|---|---|---|
| 020 | _a9789693500592 | ||
| 040 | _cNUST | ||
| 082 |
_a891.4393 _bSHA |
||
| 100 |
_aShahab, Qudrat Ullah _951134 |
||
| 245 | _aSurkh Feetah | ||
| 260 |
_aLAHORE _bSang E Meel Publications _c2017 |
||
| 300 | _b288P | ||
| 650 | _2Urdu Literature-Short Stories | ||
| 942 |
_2ddc _cBK |
||
| 999 |
_c585948 _d585948 |
||